000 00542nam a2200229Ia 4500
003 OSt
005 20221005114405.0
006 a|||||r|||| 00| 0
007 ta
008 221004b |||||||| |||| 00| 0 eng d
024 _a59105
037 _cTextual
040 _aCRL
_cCRL
_beng
041 _2eng
_aeng
082 _aU8:2ME:N5, J32
100 _aHunt John
245 0 _aAscent of Everest
260 _c1953
650 _aGEOGRAPHY
942 _hU8:2ME:N5, J32
_cTEXL
_2cc
999 _c1031198
_d1031198